000 00804cam a22001934a 4500
005 20250605163941.0
008 250528s ||||||||||||||||||||||||d
035 _a15018
020 _a316787140
040 _aGR-AtMCL
_bgre
_dGR-AtMCL
_eAACR2
245 1 _aComputer Design and Architecture
260 _bWadsworth Publishing Company,
_c1984
300 _a494
520 _aIntroduction, Computer System Components, Combinational Logic, Sequential Circuits, Memory and Storage, Computer Organisation and Programming, Design of a Simple Computer, Practical Architectures, Input/ Output, Advanced Architectures, Number Systems and Codes, Minimization of Boolean Functions, Hardware Description Languages, Index.
700 1 _aShiva G. Sajjan
_9851
942 _cBK
999 _c623
_d623